| 000 | 00612nam a2200229Ia 4500 | ||
|---|---|---|---|
| 003 | OSt | ||
| 005 | 20221006164219.0 | ||
| 006 | a|||||r|||| 00| 0 | ||
| 007 | ta | ||
| 008 | 221006b |||||||| |||| 00| 0 eng d | ||
| 024 | _a3,060 | ||
| 037 | _cTextual | ||
| 040 |
_aFML _cFML _beng |
||
| 041 |
_2eng _aeng |
||
| 082 | _aNR441xL67, 454, K6 | ||
| 100 |
_aSrivasarao N Au. _9676860 |
||
| 245 | 0 | _aTyagaraja Krities Visualised | |
| 260 |
_aBerhampur _bGanjam _c1966 |
||
| 300 |
_a62 _ccm. |
||
| 942 |
_hNR441xL67, 454, K6 _cTEXL _2CC |
||
| 999 |
_c1116536 _d1116536 |
||